| 000 | 00450nam a2200181Ia 4500 | ||
|---|---|---|---|
| 008 | 230524s9999 xx 000 0 und d | ||
| 020 | _a007058494X | ||
| 082 |
_a621.31924 _bALE |
||
| 100 | _aCharles K.Alexander | ||
| 245 | 0 | _aFundamentals of Electric Circuit | |
| 250 | _a2ND | ||
| 260 |
_aNEW DELHI _bTMH _c2004 |
||
| 300 | _aIX;904 | ||
| 500 | _aQuantity Number: 39 | ||
| 650 | _aElectrical | ||
| 700 | _a Matthew N.O.Sadiku | ||
| 942 | _cBK | ||
| 999 |
_c29663 _d29663 |
||